Vecchio pianino (Lp Sm 3140) (Record n. 100140)
[ formato base ]
| 000 -LEADER | |
|---|---|
| fixed length control field | 03294njm a2200565Ia 4500 |
| 001 - CONTROL NUMBER | |
| control field | 23891 |
| 003 - CONTROL NUMBER IDENTIFIER | |
| control field | IT-RoPAU |
| 005 - DATE AND TIME OF LATEST TRANSACTION | |
| control field | 20220918181126.0 |
| 008 - FIXED-LENGTH DATA ELEMENTS--GENERAL INFORMATION | |
| fixed length control field | 131025s9999 xx 000 0 und d |
| 040 ## - CATALOGING SOURCE | |
| Original cataloging agency | IT-RoPAU |
| 040 ## - CATALOGING SOURCE | |
| Transcribing agency | IT-RoPAU |
| 041 ## - LANGUAGE CODE | |
| Language code of text/sound track or separate title | ITALIANO |
| 999 ## - SYSTEM CONTROL NUMBERS (KOHA) | |
| Koha Dewey Subclass [OBSOLETE] | n.d. |
| 100 ## - MAIN ENTRY--PERSONAL NAME | |
| Personal name | AA.VV. |
| 9 (RLIN) | 794 |
| 100 ## - MAIN ENTRY--PERSONAL NAME | |
| Relator term | Autore musica |
| 9 (RLIN) | 7099 |
| 100 ## - MAIN ENTRY--PERSONAL NAME | |
| Miscellaneous information | Codice autore musica SPICS: 12000 |
| 9 (RLIN) | 796 |
| 245 ## - TITLE STATEMENT | |
| Title | Vecchio pianino (Lp Sm 3140) |
| 250 ## - EDITION STATEMENT | |
| Edition statement | 1a ed. |
| 260 ## - PUBLICATION, DISTRIBUTION, ETC. (IMPRINT) | |
| Place of publication, distribution, etc. | ITALY |
| 260 ## - PUBLICATION, DISTRIBUTION, ETC. (IMPRINT) | |
| Name of publisher, distributor, etc. | JOKER - W. GURTLER |
| Date of publication, distribution, etc. | 1969 [1a Ed.:1969] |
| 300 ## - PHYSICAL DESCRIPTION | |
| Extent | DISCO |
| 500 ## - GENERAL NOTE | |
| General note | Canzone italiana |
| 505 ## - FORMATTED CONTENTS NOTE | |
| Formatted contents note | Uno a te, uno a me - Romantica - Maliarda - E' mezzanotte - Mare verde - Vorrei volare - Quando vien la sera - Il mare - Il mare nel cassetto - La spagnola - Lettera a Pinocchio - Credere - Buenas noches mi amor - Marina - Anime vaganti - Splende l'arcobaleno |
| 650 ## - SUBJECT ADDED ENTRY--TOPICAL TERM | |
| Topical term or geographic name as entry element | CANZONE ITALIAN [DISCHI] |
| Relator term | Codice MATERIA SPICS: 9950 |
| 9 (RLIN) | 7100 |
| 700 ## - ADDED ENTRY--PERSONAL NAME | |
| Personal name | Hadjidakis |
| Dates associated with a name | Codice autore musica SPICS: 13935 |
| Relator term | Autore musica |
| Name of part/section of a work | Uno a te, uno a me |
| 9 (RLIN) | 7101 |
| 700 ## - ADDED ENTRY--PERSONAL NAME | |
| Personal name | Rascel Renato |
| Dates associated with a name | Codice autore musica SPICS: 13602 |
| Relator term | Autore musica |
| Name of part/section of a work | Romantica |
| 9 (RLIN) | 7102 |
| 700 ## - ADDED ENTRY--PERSONAL NAME | |
| Personal name | Verde |
| Dates associated with a name | Codice autore SPICS: 14028 |
| Relator term | Autore |
| Name of part/section of a work | Romantica |
| 9 (RLIN) | 7103 |
| 700 ## - ADDED ENTRY--PERSONAL NAME | |
| Personal name | Vale T. |
| Dates associated with a name | Codice autore musica SPICS: 14029 |
| Relator term | Autore musica |
| Name of part/section of a work | Maliarda - Anime vaganti |
| 9 (RLIN) | 7104 |
| 700 ## - ADDED ENTRY--PERSONAL NAME | |
| Personal name | Cozzoli Michele |
| Dates associated with a name | Codice autore musica SPICS: 13648 |
| Relator term | Autore musica |
| Name of part/section of a work | E' mezzanotte |
| 9 (RLIN) | 7105 |
| 700 ## - ADDED ENTRY--PERSONAL NAME | |
| Personal name | Testa Michele (=Gill Armando) |
| Dates associated with a name | Codice autore musica SPICS: 13131 |
| Relator term | Autore musica |
| Name of part/section of a work | E' mezzanotte - Quando vien la sera |
| 9 (RLIN) | 7106 |
| 700 ## - ADDED ENTRY--PERSONAL NAME | |
| Personal name | Compari |
| Dates associated with a name | Codice autore testo/musica SPICS: 22690 |
| Relator term | Autore testo/musica |
| Name of part/section of a work | E' mezzanotte |
| 9 (RLIN) | 7107 |
| 700 ## - ADDED ENTRY--PERSONAL NAME | |
| Personal name | Mazzocco |
| Dates associated with a name | Codice autore musica SPICS: 14030 |
| Relator term | Autore musica |
| Name of part/section of a work | Mare verde |
| 9 (RLIN) | 7108 |
| 700 ## - ADDED ENTRY--PERSONAL NAME | |
| Personal name | Vancheri |
| Dates associated with a name | Codice autore musica SPICS: 14031 |
| Relator term | Autore musica |
| Name of part/section of a work | Vorrei volare |
| 9 (RLIN) | 7109 |
| 700 ## - ADDED ENTRY--PERSONAL NAME | |
| Personal name | Rossi Carlo Alberto (Cicero) |
| Dates associated with a name | Codice autore SPICS: 13130 |
| Relator term | Autore |
| Name of part/section of a work | Quando vien la sera |
| 9 (RLIN) | 7110 |
| 700 ## - ADDED ENTRY--PERSONAL NAME | |
| Personal name | Vian |
| Dates associated with a name | Codice autore musica SPICS: 14032 |
| Relator term | Autore musica |
| Name of part/section of a work | Il mare |
| 9 (RLIN) | 7111 |
| 700 ## - ADDED ENTRY--PERSONAL NAME | |
| Personal name | Pugliese |
| Dates associated with a name | Codice autore SPICS: 22763 |
| Relator term | Autore |
| Name of part/section of a work | Il mare |
| 9 (RLIN) | 7112 |
| 700 ## - ADDED ENTRY--PERSONAL NAME | |
| Personal name | Lavalle |
| Dates associated with a name | Codice autore musica SPICS: 14033 |
| Relator term | Autore musica |
| Name of part/section of a work | Il mare nel cassetto |
| 9 (RLIN) | 7113 |
| 700 ## - ADDED ENTRY--PERSONAL NAME | |
| Personal name | Lattuada |
| Dates associated with a name | Codice autore SPICS: 14034 |
| Relator term | Autore |
| Name of part/section of a work | Il mare nel cassetto |
| 9 (RLIN) | 7114 |
| 700 ## - ADDED ENTRY--PERSONAL NAME | |
| Personal name | Di Chiara Vincenzo |
| Dates associated with a name | Codice autore musica SPICS: 13434 |
| Relator term | Autore musica |
| Name of part/section of a work | La spagnola |
| 9 (RLIN) | 7115 |
| 700 ## - ADDED ENTRY--PERSONAL NAME | |
| Personal name | Panzeri Mario |
| Dates associated with a name | Codice autore musica SPICS: 13372 |
| Relator term | Autore musica |
| Name of part/section of a work | Lettera a Pinocchio |
| 9 (RLIN) | 7116 |
| 700 ## - ADDED ENTRY--PERSONAL NAME | |
| Personal name | Forlani |
| Dates associated with a name | Codice autore musica SPICS: 14036 |
| Relator term | Autore musica |
| Name of part/section of a work | Credere |
| 9 (RLIN) | 7117 |
| 700 ## - ADDED ENTRY--PERSONAL NAME | |
| Personal name | Forte |
| Dates associated with a name | Codice autore SPICS: 14035 |
| Relator term | Autore |
| Name of part/section of a work | Credere |
| 9 (RLIN) | 7118 |
| 700 ## - ADDED ENTRY--PERSONAL NAME | |
| Personal name | Giraud Hubert |
| Dates associated with a name | Codice autore musica SPICS: 14038 |
| Relator term | Autore musica |
| Name of part/section of a work | Buenas noches mi amor |
| 9 (RLIN) | 7119 |
| 700 ## - ADDED ENTRY--PERSONAL NAME | |
| Personal name | Fontenoy |
| Dates associated with a name | Codice autore SPICS: 14037 |
| Relator term | Autore |
| Name of part/section of a work | Buenas noches mi amor |
| 9 (RLIN) | 7120 |
| 700 ## - ADDED ENTRY--PERSONAL NAME | |
| Personal name | Rocco |
| Dates associated with a name | Codice autore musica SPICS: 14039 |
| Relator term | Autore musica |
| Name of part/section of a work | Marina |
| 9 (RLIN) | 7121 |
| 700 ## - ADDED ENTRY--PERSONAL NAME | |
| Personal name | Granata Rocco |
| Dates associated with a name | Codice autore SPICS: 14040 |
| Relator term | Autore |
| Name of part/section of a work | Marina |
| 9 (RLIN) | 7122 |
| 700 ## - ADDED ENTRY--PERSONAL NAME | |
| Personal name | Di Ceglie Cosimo |
| Dates associated with a name | Codice autore musica SPICS: 13484 |
| Relator term | Autore musica |
| Name of part/section of a work | Splende l'arcobaleno |
| 9 (RLIN) | 7123 |
| 700 ## - ADDED ENTRY--PERSONAL NAME | |
| Personal name | Tuminelli Sandro |
| Dates associated with a name | Codice autore SPICS: 25258 |
| Relator term | Autore |
| Name of part/section of a work | Splende l'arcobaleno |
| 9 (RLIN) | 7124 |
| 942 ## - ADDED ENTRY ELEMENTS (KOHA) | |
| Koha item type | DISCHI |
| Source of classification or shelving scheme | Dewey Decimal Classification |
| Withdrawn status | Lost status | Damaged status | Not for loan | Home library | Current library | Date acquired | Total Checkouts | Full call number | Date last seen | Price effective from | Koha item type | Public note |
|---|---|---|---|---|---|---|---|---|---|---|---|---|
| Buone Condizioni | Not For Loan | SPICS-MEDIATECA | SPICS-MEDIATECA | 25/10/2013 | 23891 | 25/10/2013 | 25/10/2013 | DISCHI | Progr. Ins.: 4738 / N.Vol.: 1 / Copie: 1 - Copia rara: n.d. / date import: 01.01.2014 - By Epidotti, Trombetti, Vaglietti |